000 00395nam a2200145Ia 4500
005 20250325033400.0
008 240331s9999 xx 000 0 und d
082 _bMAR
_a894
100 _aMaruthoorkoththan, V.M
245 0 _aMaruthoorkoththan kathaikal
260 _aKalmunai
_bIslamic Book publishing Centre
_c1985
300 _a132 p .,
500 _aA collecting of short stories
942 _cL
999 _c4048
_d4048